1946 1976 1841 1369 1596 1970 1043 1074 1677 1206 1547 1475 1636 1537 1921 1500 1724 1143 1317 1581 1378 1847 1094 1924 1722 1231 1660 1982 1523 1300 1958 1309 1277 1247 1964 1508 1378 1765 1276 1244 1819 1265 1181 1774 1766 1147 1876 1405 1908 1747 1480 1214 1610 1331 1667 1883 1050 1964 1395 1937 1812 1884 1540 1841 1942 1319 1843 1280 1511 1337 1185 1664 1369 1468 1365 1925 1488 1865 1098 1475 1292 1461 1326 1587 1352 1016 1144 1774 1307 1277 1646 1851 1010 1161 1420 1147 1429 1848 1350 BCNSPRNW ULIB Ver.6.0+V

เปลี่ยนเป็นภาษาไทย

Change to English
 แสดงรายละเอียดบรรณานุกรม
  กลับหน้าหลัก

Brief Record : Get Marc (ISO 2709) : E-mail record : QR code < ปิดหน้าต่าง
LEADER : 00000nam 2200000uu 4500
001    13399111837
003     ULIB
008    110322s2550||||th 000 0 tha d
020    9789749557662
050  4 PE1130^bธ112E 2550
100 0  ธง วิทัยวัฒน์
245 00 English grammar/^cธง วิทัยวัฒน์
250    พิมพ์ครั้งที่ 1
260    กรุงเทพฯ:^bอมรการพิมพ์,^c2550
300    1,093 หน้า :^bภาพประกอบ
650  7 ภาษาอังกฤษ^xไวยากรณ์
650  7 English grammar
945    ^p695^l0^i024305
945    ^p695^l0^i024564
945    ^p695^l0^i024565
995    ทศพร
999 ^a ใช้งานได้ทุกระบบ
รายการนี้ยังไม่มีแท็ก
คุณยังไม่ได้ล็อกอิน คุณสามารถมีกิจกรรมร่วมกับเว็บไซต์ได้ แต่ต้องล็อกอินก่อน ::
  ล็อกอิน

รายการสื่อสารสนเทศ

ลำดับที่ ประเภท เลขเรียก/บาร์โค้ด สถานที่ สถานะ
- ไม่พบข้อมูล -

รายการใกล้เคียง
    หัวเรื่อง [English grammar]

BibComment


ยังไม่เคยถูกคอมเมนท์

คอมเมนท์ทรัพยากรรายการนี้
  คอมเมนท์: English grammar ธ..


 Copyright 2026. Bcnsprnw @Library